000 00347nam a2200133Ia 4500
008 100328s9999 xx 000 0 und d
082 _b25448
100 _aमनोहर अनंत
245 _aकठपुतली
260 _bरविराज
630 _aकठपुतली
730 _aकठपुतली
942 _cBOOK
999 _c518312
_d518309